أسس المعارف السياسية / (Record no. 6389)
[ view plain ]
| 000 -الفاتح | |
|---|---|
| حقل البيانات ثابتة الطول | 00651nac a22001571u 4500 |
| 008 - عناصر البيانات ثابتة الطول - معلومات عامة | |
| حقل البيانات ثابتة الطول | 090318s1977 xxu||||| |||| 00| 0 ara d |
| 020 ## - الرقم الدولى المعيارى للكتب | |
| الرقم الدولى المعيارى للكتاب | 97710339 |
| 082 ## - رقم تصنيف ديوى العشرى | |
| رقم التصنيف | 330.122 |
| رقم المادة | أ س س |
| 245 ## - بيان العنوان | |
| العنوان | أسس المعارف السياسية / |
| بيان المسئوليه,etc | مجموعة من العلماء والفلاسفة السوفييت ؛ ترجمة حمدى عبد الجواد |
| 260 ## - PUBLICATION, DISTRIBUTION, ETC. (IMPRINT) | |
| مكان الناشر او الموزع | القاهرة : |
| اسم الناشر او الموزع | دار الثقافة الجديدة ،1977 |
| تاريخ النشر أو التوزيع | 1977. |
| 300 ## - الوصف المادى | |
| التعداد | 244 ص ؛ |
| أبعاد الوعاء | 15 سم. |
| 650 ## - المدخل الاضافى بالموضوع-مصطلح موضوعى | |
| مصطلح موضوعي أو اسم جغرافي كعنصر مدخل | الإشتراكية |
| 9 (RLIN) | 13591 |
| 650 ## - المدخل الاضافى بالموضوع-مصطلح موضوعى | |
| مصطلح موضوعي أو اسم جغرافي كعنصر مدخل | الرأسمالية |
| 9 (RLIN) | 13649 |
| 700 1# - المدخل الاضافى - اسم شخصى | |
| الإسم الشخصى | عبد الجواد ، حمدى |
| 9 (RLIN) | 274 |
| الدور | ترجمة |
| 942 ## - عناصر المدخل الإضافي( كوها) | |
| Koha [default] item type | Book - Borrowing |
| سابقة رقم الطلب | 330.122 أ س س |
| مصدر التصنيف او مخطط الترفيف | Dewey Decimal Classification |
| حالة التراجع | حالة الفقد | مصدر التصنيف او خطة الترفيف | حالة تلف | ليس للاعارة | مجموعات كوها | المكان الدائم | المكان الحالي | موقع الترفيف | تاريخ الاكتساب | رقم الاستدعاء | الباركود | Date last seen | مُعار | نوع الوعاء |
|---|---|---|---|---|---|---|---|---|---|---|---|---|---|---|
| Dewey Decimal Classification | Alef-Baa | Central Library | Central Library | First floor | 10/02/2011 | 330.221 أ س س | 000007923 | 15/07/2025 | 17/12/2024 | Book - Borrowing |